wednesday addams quiz 2023 - Statistics

General Stats
  • This quiz has been taken 51 times
  • The average score is 10 of 16
Answer Stats
Picture Answer % Correct
enid sinclair
95%
wednesday addams
95%
tyler galpin/ hyde
88%
bianca barclay
79%
pugsley addams
79%
gomez addams
72%
uncle fester
72%
ajax petropolus
70%
eugene ottinger
67%
goody addams
67%
morticia addams
67%
larissa weems/ principal weems
51%
marilyn thornhill/ laurel gates
40%
dr kinbott / valerie kinbott
30%
sherrif galpin
14%
xaiver thorpe
5%
No matching quizzes found
Score Distribution
Percent of People with Each Score
Percentile by Number Answered
Your Score History
You have not taken this quiz